书目信息 |
| 题名: |
集装箱运输管理
|
|
| 作者: | 马天山 , 孙启鹏 主编 | |
| 分册: | ||
| 出版信息: | 北京 人民交通出版社 2009.01 |
|
| 页数: | 207页 | |
| 开本: | 26cm | |
| 丛书名: | ||
| 单 册: | ||
| 中图分类: | U169.6 | |
| 科图分类: | ||
| 主题词: | 集装箱运输--ji zhuang xiang yun shu--交通运输管理--高等教育--教材 | |
| 电子资源: | ||
| ISBN: | 978-7-114-07330-4 | |
| 000 | 01014nam0 2200265 450 | |
| 001 | 012009819499 | |
| 005 | 20090917163733.98 | |
| 010 | @a978-7-114-07330-4@dCNY28.00 | |
| 100 | @a20090917d2009 em y0chiy0120 ea | |
| 101 | 0 | @achi |
| 102 | @aCN@b110000 | |
| 105 | @aak a 000yy | |
| 106 | @ar | |
| 200 | 1 | @a集装箱运输管理@Aji zhuang xiang yun shu guan li@f马天山, 孙启鹏主编@Fma tian shan,sun qi peng zhu bian |
| 210 | @a北京@c人民交通出版社@d2009.01 | |
| 215 | @a207页@c图@d26cm | |
| 300 | @a普通高等教育“十一五”国家级规划教材 | |
| 320 | @a有书目 (第207页) | |
| 330 | @a本书共分十章,包括集装箱运输概述、集装箱标准化及其种类结构、集装箱运输系统、集装箱箱务管理、集装箱中转站运输组织管理、集装箱运输的运费与经济分析、集装箱运输单证及统计等。 | |
| 606 | 0 | @a集装箱运输@Aji zhuang xiang yun shu@x交通运输管理@x高等教育@j教材 |
| 690 | @aU169.6@v4 | |
| 701 | 0 | @a马天山@Ama tian shan@4主编 |
| 701 | 0 | @a孙启鹏@Asun qi peng@4主编 |
| 801 | 0 | @aCN@bQSSK@c20090917 |
| 905 | @b754193-97@dU169.6@eM177@f5 | |
| 集装箱运输管理/马天山, 孙启鹏主编.-北京:人民交通出版社,2009.01 |
| 207页:图;26cm |
| 普通高等教育“十一五”国家级规划教材 |
| ISBN 978-7-114-07330-4:CNY28.00 |
| 本书共分十章,包括集装箱运输概述、集装箱标准化及其种类结构、集装箱运输系统、集装箱箱务管理、集装箱中转站运输组织管理、集装箱运输的运费与经济分析、集装箱运输单证及统计等。 |
| ● |
| 相关链接 |
|
|
|
正题名:集装箱运输管理
索取号:U169.6/M177
 
预约/预借
| 序号 | 登录号 | 条形码 | 馆藏地/架位号 | 状态 | 备注 |
| 1 | 754193 | 207541935 | 自科库501/501自科库 49排1列5层/ [索取号:U169.6/M177] | 在馆 | |
| 2 | 754194 | 207541944 | 自科库501/501自科库 49排1列5层/ [索取号:U169.6/M177] | 在馆 | |
| 3 | 754195 | 207541953 | 自科库501/501自科库 49排1列5层/ [索取号:U169.6/M177] | 在馆 | |
| 4 | 754196 | 207541962 | 自科库501/501自科库 49排1列5层/ [索取号:U169.6/M177] | 在馆 | |
| 5 | 754197 | 207541971 | 自科库501/501自科库 49排1列5层/ [索取号:U169.6/M177] | 在馆 |